[Event "CZE-chT2C 1617"]
[Site "Czech Republic"]
[Date "2017.01.29"]
[Round "7.5"]
[White "Havlik, Jan Sr"]
[Black "Pilar, Miloslav"]
[Result "0-1"]
[WhiteElo "1945"]
[BlackElo "2161"]
[PlyCount "102"]
[EventDate "2016.10.09"]
[EventType "team-tourn"]
[EventRounds "11"]
[EventCountry "CZE"]
[SourceTitle "EXT 2022"]
[Source "ChessBase"]
[SourceDate "2021.10.06"]
[SourceVersion "1"]
[SourceVersionDate "2021.10.06"]
[SourceQuality "1"]
[WhiteTeam "Prachatice"]
[BlackTeam "Vysehrad II"]
[WhiteTeamCountry "CZE"]
[BlackTeamCountry "CZE"]

1. e4 e6 2. d3 d5 3. Nd2 Nf6 4. g3 b6 5. Bg2 Bb7 6. Qe2 Be7 7. Ngf3 c5 8. e5 Nfd7 9. 0-0 Nc6 10. Re1 Qc7 11. h4 0-0 12. c3 Rae8 13. Nf1 f5 14. Bf4 b5 15. N1h2 c4 16. d4 b4 17. Ng5 Bxg5 18. Bxg5 Qa5 19. Bd2 Qb6 20. Nf3 Ba6 21. Qe3 bxc3 22. bxc3 h6 23. h5 Rf7 24. Nh4 Nf8 25. Bc1 Qd8 26. f4 Rb7 27. Ba3 Qa5 28. Bd6 Kh7 29. Bh3 Rb2 30. a3 Rb3 31. Rec1 Bc8 32. g4 Qd8 33. Qg3 Nxd4 34. Kf1 fxg4 35. Bxg4 Nf5 36. Bxf5+ exf5 37. Ra2 Qd7 38. Rg2 Rb7 39. Kg1 Qf7 40. Ng6 Ne6 41. Kh2 Bd7 42. Rcg1 Bc6 43. Rd2 Rb3 44. Rc1 d4 45. Qf2 dxc3 46. Rdc2 Be4 47. Rxc3 Rxc3 48. Rxc3 Bd3 49. Qe3 Qb7 50. Rxd3 cxd3 51. Qxd3 Qe4 0-1

[Event "CZE-chT2C 1617"]
[Site "Czech Republic"]
[Date "2016.12.11"]
[Round "5.5"]
[White "Havlik, Jan Sr"]
[Black "Hradecky, Ivo"]
[Result "1/2-1/2"]
[WhiteElo "1945"]
[BlackElo "2065"]
[PlyCount "89"]
[EventDate "2016.10.09"]
[EventType "team-tourn"]
[EventRounds "11"]
[EventCountry "CZE"]
[SourceTitle "EXT 2022"]
[Source "ChessBase"]
[SourceDate "2021.10.06"]
[SourceVersion "1"]
[SourceVersionDate "2021.10.06"]
[SourceQuality "1"]
[WhiteTeam "Prachatice"]
[BlackTeam "Vlasim"]
[WhiteTeamCountry "CZE"]
[BlackTeamCountry "CZE"]

1. e4 e5 2. Bc4 Nc6 3. Nf3 Nf6 4. 0-0 Nxe4 5. d4 exd4 6. Re1 d5 7. Bxd5 Qxd5 8. Nc3 Qd7 9. Rxe4+ Be7 10. Nb5 Nd8 11. Qe2 Ne6 12. Nbxd4 0-0 13. c3 Nxd4 14. Rxd4 Bd6 15. Bf4 Re8 16. Qd3 Qf5 17. Qxf5 Bxf5 18. Bxd6 cxd6 19. Rxd6 Re2 20. Rad1 Rae8 21. R6d2 Kf8 22. Kf1 Rxd2 23. Rxd2 Rc8 24. Nd4 Bb1 25. a3 Rc5 26. Ke1 h6 27. Kd1 Be4 28. f3 Bg6 29. Kc1 Ke7 30. Ne2 Rh5 31. h3 Re5 32. b4 f6 33. Kb2 Bf7 34. a4 Bc4 35. Nf4 Bf7 36. Nd3 Re3 37. Nc5 b6 38. Ne4 Be6 39. Ng3 Bd7 40. a5 Be6 41. axb6 axb6 42. Ne2 Bc4 43. Nd4 g6 44. h4 h5 45. Nc6+ 1/2-1/2

[Event "Tabor op"]
[Site "Tabor"]
[Date "2007.08.05"]
[Round "9"]
[White "Havlik, Jan Sr"]
[Black "Vohnout, Pavel"]
[Result "0-1"]
[WhiteElo "1820"]
[BlackElo "2087"]
[PlyCount "120"]
[EventDate "2007.07.29"]
[EventType "swiss"]
[EventRounds "9"]
[EventCountry "CZE"]
[SourceTitle "EXT 2009"]
[Source "ChessBase"]
[SourceDate "2008.11.26"]
[SourceVersion "1"]
[SourceVersionDate "2008.11.26"]
[SourceQuality "1"]

1. e4 c5 2. Nf3 d6 3. d4 cxd4 4. Nxd4 Nf6 5. Nc3 g6 6. Be3 Bg7 7. f3 0-0 8. Qd2 Nc6 9. g4 Nxd4 10. Bxd4 Be6 11. 0-0-0 Qa5 12. Kb1 Rfc8 13. a3 a6 14. Na2 Qc7 15. c3 b5 16. h4 a5 17. Bxb5 Qb7 18. a4 Bc4 19. h5 Bxb5 20. axb5 Qxb5 21. hxg6 fxg6 22. Bxf6 Bxf6 23. Qd5+ Qxd5 24. Rxd5 a4 25. Rb5 Rcb8 26. Rxb8+ Rxb8 27. Kc2 Be5 28. Nb4 Rf8 29. Rh3 Ra8 30. Rh1 e6 31. Kd3 Kg7 32. Ra1 h5 33. Nc6 Kf6 34. Ke3 Bg3 35. f4 hxg4 36. Rg1 a3 37. bxa3 Rxa3 38. Rxg3 Rxc3+ 39. Kf2 Rxc6 40. Rxg4 Rc3 41. Ke2 Rh3 42. Rg2 d5 43. exd5 exd5 44. Rg5 Rh5 45. Rg3 Kf5 46. Ke3 Kf6 47. Kd4 Rh4 48. Ke3 Rh5 49. Kd4 Rf5 50. Ke3 Kf7 51. Rg1 Kg7 52. Rg2 Kh6 53. Rh2+ Rh5 54. Rf2 Kg7 55. Rg2 Kf7 56. Rg1 Rf5 57. Rg3 Rf6 58. Rg4 Ke6 59. Rg5 Kd6 60. Re5 Re6 0-1

[Event "Tabor op"]
[Site "Tabor"]
[Date "2007.08.02"]
[Round "6"]
[White "Simecek, Josef"]
[Black "Havlik, Jan Sr"]
[Result "0-1"]
[WhiteElo "1459"]
[BlackElo "1820"]
[PlyCount "78"]
[EventDate "2007.07.29"]
[EventType "swiss"]
[EventRounds "9"]
[EventCountry "CZE"]
[SourceTitle "EXT 2009"]
[Source "ChessBase"]
[SourceDate "2008.11.26"]
[SourceVersion "1"]
[SourceVersionDate "2008.11.26"]
[SourceQuality "1"]

1. d4 Nf6 2. c4 g6 3. Nc3 Bg7 4. e4 d6 5. g3 0-0 6. Bg2 Nbd7 7. Nge2 e5 8. d5 a5 9. 0-0 Ne8 10. f4 f5 11. exf5 gxf5 12. Be3 b6 13. Rc1 Rb8 14. Qc2 Nc5 15. a3 e4 16. b4 Nd3 17. Rb1 axb4 18. axb4 Nf6 19. h3 h5 20. Nc1 Nxc1 21. Rfxc1 Ba6 22. b5 Bc8 23. Ne2 Qe8 24. Bd4 Qg6 25. Rd1 Rf7 26. Ra1 Bd7 27. Ra7 Ne8 28. Bxg7 Rxg7 29. Kh2 h4 30. Qc3 hxg3+ 31. Nxg3 Nf6 32. Ra2 Qh6 33. Qd2 e3 34. Qd4 Ng4+ 35. Kg1 Nf2 36. Rxf2 exf2+ 37. Kxf2 Qh4 38. Rd3 Ra8 39. Qb2 Qxf4+ 0-1

[Event "Tabor op"]
[Site "Tabor"]
[Date "2007.07.29"]
[Round "1"]
[White "Havlik, Jan Sr"]
[Black "Vyhnalek, Bohuslav"]
[Result "0-1"]
[WhiteElo "1820"]
[BlackElo "2172"]
[PlyCount "40"]
[EventDate "2007.07.29"]
[EventType "swiss"]
[EventRounds "9"]
[EventCountry "CZE"]
[SourceTitle "EXT 2009"]
[Source "ChessBase"]
[SourceDate "2008.11.26"]
[SourceVersion "1"]
[SourceVersionDate "2008.11.26"]
[SourceQuality "1"]

1. e4 d5 2. exd5 Nf6 3. d4 Nxd5 4. c4 Nb6 5. Nc3 e5 6. d5 c6 7. a3 Bc5 8. Nf3 0-0 9. b4 Bd4 10. Nxd4 exd4 11. Qxd4 cxd5 12. cxd5 Nc6 13. Qc5 Ne7 14. d6 Nf5 15. Bf4 Bd7 16. Nd5 Nxd5 17. Qxd5 Re8+ 18. Be2 Qf6 19. Rc1 Rxe2+ 20. Kxe2 Nd4+ 0-1

[Event "Plzen op-B 9th"]
[Site "Plzen"]
[Date "2003.??.??"]
[Round "4"]
[White "Cheype, Marie"]
[Black "Havlik, Jan Sr"]
[Result "0-1"]
[WhiteElo "1780"]
[BlackElo "1471"]
[PlyCount "62"]
[EventDate "2003.08.??"]
[EventType "swiss"]
[EventRounds "9"]
[EventCountry "CZE"]
[SourceTitle "EXT 2005"]
[Source "ChessBase"]
[SourceDate "2004.11.15"]
[SourceVersion "1"]
[SourceVersionDate "2004.11.15"]
[SourceQuality "1"]

1. e4 e6 2. d4 d5 3. e5 c5 4. c3 Nc6 5. Nf3 Qb6 6. Be2 cxd4 7. cxd4 Nge7 8. 0-0 Nf5 9. Kh1 Ncxd4 10. Nxd4 Qxd4 11. Bb5+ Bd7 12. Bxd7+ Kxd7 13. Qb3 Qb4 14. Qd1 Rc8 15. Nc3 Qd4 16. Qe2 Qc4 17. Qd1 Bb4 18. Bd2 Rc6 19. Qf3 Bxc3 20. Bxc3 Ke7 21. Rfc1 Rhc8 22. a3 Ke8 23. h3 Nh4 24. Qg3 Ng6 25. Rd1 Qf4 26. Rd3 Rc4 27. Re1 Qxg3 28. Rxg3 Rf4 29. Kg1 Rcc4 30. Ree3 h6 31. Kf1 d4 0-1

[Event "Volyne op-A"]
[Site "Volyne"]
[Date "2003.??.??"]
[Round "?"]
[White "Jirkovsky, Tomas"]
[Black "Havlik, Jan Sr"]
[Result "1-0"]
[WhiteElo "2090"]
[BlackElo "1855"]
[PlyCount "65"]
[EventDate "2003.??.??"]
[EventType "swiss"]
[EventRounds "9"]
[EventCountry "CZE"]
[SourceTitle "EXT 2005"]
[Source "ChessBase"]
[SourceDate "2004.11.15"]
[SourceVersion "1"]
[SourceVersionDate "2004.11.15"]
[SourceQuality "1"]

1. e4 e5 2. Nc3 Bc5 3. f4 d6 4. Nf3 Nc6 5. Bb5 f6 6. d3 Be6 7. Bd2 Nge7 8. Qe2 a6 9. Ba4 Qd7 10. f5 Bf7 11. g4 0-0-0 12. 0-0-0 d5 13. exd5 Nxd5 14. Ne4 Ba7 15. h4 b5 16. Bb3 h6 17. Ng3 g5 18. hxg5 hxg5 19. Rh2 Nf4 20. Bxf4 exf4 21. Ne4 Be3+ 22. Kb1 Bxb3 23. axb3 Qg7 24. Rdh1 Nb8 25. Rh5 Nd7 26. R1h3 Bc5 27. Qh2 Rxh5 28. Rxh5 Be7 29. Rh7 Qf8 30. Qh5 c5 31. Rf7 Qe8 32. Qh7 Bf8 33. Nxf6 1-0

[Event "Plzen op-B 9th"]
[Site "Plzen"]
[Date "2003.??.??"]
[Round "7"]
[White "Kopasov, Alexander"]
[Black "Havlik, Jan Sr"]
[Result "0-1"]
[WhiteElo "1800"]
[BlackElo "1471"]
[PlyCount "72"]
[EventDate "2003.08.??"]
[EventType "swiss"]
[EventRounds "9"]
[EventCountry "CZE"]
[SourceTitle "EXT 2005"]
[Source "ChessBase"]
[SourceDate "2004.11.15"]
[SourceVersion "1"]
[SourceVersionDate "2004.11.15"]
[SourceQuality "1"]

1. d4 d5 2. Nf3 Bg4 3. Bf4 Nf6 4. e3 e6 5. c4 Nc6 6. h3 Bf5 7. Nc3 Bb4 8. a3 Bxc3+ 9. bxc3 Qe7 10. Bh2 Ne4 11. Qb3 b6 12. cxd5 exd5 13. Qxd5 Bd7 14. Qb3 0-0 15. Bd3 Na5 16. Qc2 Nf6 17. 0-0 Bc6 18. Be5 Kh8 19. Bxf6 Qxf6 20. Ne5 Rfe8 21. Nxc6 Qxc6 22. c4 Qh6 23. c5 Nb7 24. Be4 Rab8 25. cxb6 cxb6 26. Rfc1 Nd6 27. Bc6 Re6 28. Qa4 g5 29. Qxa7 Rg8 30. Bd5 Rf6 31. e4 g4 32. e5 Rxf2 33. Kxf2 Nf5 34. Re1 gxh3 35. Qxf7 Qf4+ 36. Bf3 Rxg2+ 0-1

[Event "CZE-chTJ 0001"]
[Site "Czech Republic"]
[Date "2001.??.??"]
[Round "4"]
[White "Havlik, Jan Sr"]
[Black "Ondrejat, Miroslav"]
[Result "1-0"]
[WhiteElo "1865"]
[BlackElo "2125"]
[PlyCount "45"]
[EventDate "2000.??.??"]
[EventType "team"]
[EventRounds "11"]
[EventCountry "CZE"]
[SourceTitle "EXT 2003"]
[Source "ChessBase"]
[SourceDate "2002.11.25"]
[SourceVersion "1"]
[SourceVersionDate "2002.11.25"]
[SourceQuality "1"]

1. e4 c5 2. Nf3 e6 3. Nc3 Nc6 4. Be2 Nf6 5. 0-0 Qc7 6. d4 cxd4 7. Nxd4 a6 8. Be3 d6 9. f4 Bd7 10. Qe1 Nxd4 11. Bxd4 Bc6 12. Bf3 e5 13. fxe5 dxe5 14. Qg3 Nd7 15. Bg4 f6 16. Rad1 0-0-0 17. Be3 b6 18. Nd5 Bxd5 19. Rxd5 h5 20. Bf5 g6 21. Qxg6 Bc5 22. Bxc5 bxc5 23. Rfd1 1-0